[Event "ch-RUS Rapid 2017"]
[Site "Sochi RUS"]
[Date "2017.10.01"]
[Round "6.27"]
[White "Pavlov, Oleg"]
[Black "Yuffa, Daniil"]
[Result "0-1"]
[WhiteTitle "FM"]
[BlackTitle "GM"]
[WhiteElo "2241"]
[BlackElo "2527"]
[WhiteFideId "4149297"]
[BlackFideId "24131423"]
[EventDate "2017.09.30"]

1. d4 Nf6 2. c4 c5 3. d5 g6 4. Nc3 Bg7 5. e4 O-O 6. Nf3 d6 7. h3 e6 8. Bd3 exd5
9. cxd5 a6 10. a4 h6 11. O-O g5 12. Nd2 g4 13. hxg4 Bxg4 14. Be2 Bc8 15. Nc4 Re8
16. Bf3 Nh7 17. Re1 Ng5 18. Bxg5 hxg5 19. Bg4 Bxg4 20. Qxg4 Nd7 21. Nd1 Rb8 22.
a5 b5 23. axb6 Nxb6 24. Na5 Nxd5 25. Nc6 Qc8 26. Qxc8 Rbxc8 27. Rxa6 f5 28. Na5
Nf6 29. Rxd6 Nxe4 30. Rd5 Ra8 31. Nc4 Ra1 32. Rxf5 Kh7 33. Kf1 Bd4 34. Nde3
Rxe1+ 35. Kxe1 Kg6 36. Rd5 Re6 37. b4 Bc3+ 38. Ke2 cxb4 39. f3 Nf6 40. Rb5 Nh5
41. Kd3 Nf4+ 42. Kc2 Nxg2 43. Nxg2 Re2+ 44. Kd3 Rxg2 45. Ne3 Rd2+ 46. Kc4 Rd4+
47. Kb3 Rd3 48. Ng4 Rxf3 49. Rxb4 Bxb4+ 0-1

[Event "ch-RUS Rapid 2017"]
[Site "Sochi RUS"]
[Date "2017.10.01"]
[Round "6.28"]
[White "Potapov, Pavel"]
[Black "Gogolev, Artem"]
[Result "1-0"]
[WhiteTitle "GM"]
[WhiteElo "2479"]
[BlackElo "2408"]
[WhiteFideId "4169786"]
[BlackFideId "4116615"]
[EventDate "2017.09.30"]

1. e4 e5 2. Nf3 Nc6 3. Bb5 Nf6 4. d3 Bc5 5. Bxc6 dxc6 6. Nbd2 O-O 7. Nc4 Nd7 8.
O-O Re8 9. b3 b5 10. Ne3 Bd6 11. Bb2 Nc5 12. Re1 a5 13. Nf5 Bxf5 14. exf5 Qf6
15. d4 exd4 16. Qxd4 Qxd4 17. Bxd4 a4 18. Kf1 Ne4 19. g4 c5 20. Be3 h6 21. h3
Nf6 22. Red1 Ra6 23. c4 b4 24. Nd2 axb3 25. axb3 Rea8 26. Rxa6 Rxa6 27. Ke2 Kf8
28. f4 Ra2 29. Kd3 Ke7 30. Rg1 Nd7 31. h4 Nf6 32. g5 Nh5 33. Rg4 Rb2 34. f6+ Kf8
35. Ke4 hxg5 36. fxg7+ Kxg7 37. hxg5 Kg6 38. f5+ Kg7 39. Kf3 Kf8 40. f6 Ke8 41.
Rg2 Kd7 42. Kg4 Ng3 43. Rxg3 Bxg3 44. Kxg3 Ke6 45. Kf4 Ra2 46. Ne4 Ra1 47. Nxc5+
Kd6 48. Nd3 Rf1+ 49. Ke4 Rb1 50. Bc5+ Kc6 51. g6 1-0

[Event "ch-RUS Rapid 2017"]
[Site "Sochi RUS"]
[Date "2017.10.01"]
[Round "7.1"]
[White "Motylev, Alexander"]
[Black "Tomashevsky, Evgeny"]
[Result "0-1"]
[WhiteTitle "GM"]
[BlackTitle "GM"]
[WhiteElo "2668"]
[BlackElo "2710"]
[WhiteFideId "4121830"]
[BlackFideId "4147235"]
[EventDate "2017.09.30"]

1. e4 e5 2. Nf3 Nc6 3. Bb5 a6 4. Ba4 Nf6 5. O-O Be7 6. Re1 b5 7. Bb3 O-O 8. a4
b4 9. a5 d6 10. d3 Be6 11. Bxe6 fxe6 12. Nbd2 Qe8 13. c3 Rb8 14. d4 bxc3 15.
bxc3 exd4 16. cxd4 Rb5 17. Ba3 Qd7 18. Qc2 Nxa5 19. Rec1 c5 20. e5 dxe5 21. Bxc5
Bxc5 22. dxc5 Nc6 23. Qc4 Rb4 24. Qc3 Rf4 25. Rxa6 e4 26. Ne5 Nxe5 27. Rd6 Qf7
28. Qxe5 Rxf2 29. h3 Re2 30. Rf1 h6 31. Nb3 Qg6 32. Qxe6+ Kh7 33. g4 Re3 34. Kg2
Re8 35. Qc4 Qg5 36. Rfxf6 Rb8 37. Rb6 Rxb6 38. Rxb6 Qf4 39. Rxh6+ Kxh6 40. Qe6+
g6 0-1

[Event "ch-RUS Rapid 2017"]
[Site "Sochi RUS"]
[Date "2017.10.01"]
[Round "7.2"]
[White "Kobalia, Mikhail"]
[Black "Inarkiev, Ernesto"]
[Result "0-1"]
[WhiteTitle "GM"]
[BlackTitle "GM"]
[WhiteElo "2596"]
[BlackElo "2694"]
[WhiteFideId "4119150"]
[BlackFideId "4162722"]
[EventDate "2017.09.30"]

1. e4 e5 2. Nf3 Nc6 3. Bb5 a6 4. Ba4 Nf6 5. O-O Be7 6. Re1 b5 7. Bb3 O-O 8. a4
b4 9. d4 d6 10. dxe5 dxe5 11. Nbd2 Bc5 12. h3 Na5 13. Ba2 Qe7 14. Qe2 Bb7 15.
Nh4 g6 16. Qf3 Rad8 17. Nf1 Nxe4 18. Rxe4 Bxe4 19. Qxe4 b3 20. cxb3 Rd4 21. Qe1
Bb4 22. Bd2 Rxh4 23. Nh2 Rd8 24. Bc3 Nc6 25. Bb1 Rhd4 26. Be4 Na5 27. Nf3 Bxc3
28. bxc3 R4d6 29. b4 Nb3 30. Rb1 Nd2 31. Nxd2 Rxd2 32. Qe3 Rd1+ 33. Rxd1 Rxd1+
34. Kh2 Qd6 35. a5 Qd2 36. Bb7 Qxe3 37. fxe3 Rc1 38. Bxa6 Rxc3 39. e4 Rb3 0-1

[Event "ch-RUS Rapid 2017"]
[Site "Sochi RUS"]
[Date "2017.10.01"]
[Round "7.3"]
[White "Jakovenko, Dmitry"]
[Black "Bocharov, Dmitry"]
[Result "1-0"]
[WhiteTitle "GM"]
[BlackTitle "GM"]
[WhiteElo "2710"]
[BlackElo "2585"]
[WhiteFideId "4122356"]
[BlackFideId "4138716"]
[EventDate "2017.09.30"]

1. e4 d6 2. d4 Nf6 3. Nc3 g6 4. Nf3 Bg7 5. Be2 O-O 6. O-O Bg4 7. a4 Nc6 8. d5
Bxf3 9. Bxf3 Ne5 10. Be2 c6 11. a5 cxd5 12. exd5 a6 13. Be3 Rc8 14. Na4 Nc4 15.
Bxc4 Rxc4 16. Nb6 Rb4 17. Ra2 Nd7 18. b3 Nxb6 19. Bxb6 Rxb6 20. axb6 Qxb6 21.
Re1 Bf6 22. c4 Rc8 23. g3 Qb4 24. Ra4 Qc3 25. Re3 Qb2 26. Re2 Qc3 27. Qc2 Qd4
28. Qd2 Qc5 29. Re4 Qc7 30. Kg2 Kg7 31. Qe3 Qd7 32. Ra2 h5 33. h3 Rc7 34. Qb6
Qc8 35. Rc2 Rc5 36. Rce2 Rc7 37. Qe3 b5 38. Qd3 Qb7 39. Rc2 Rc5 40. Ra2 a5 41.
Qc2 Qc7 42. Qd1 Qb7 43. Rxa5 e6 44. Rxb5 Rxb5 45. cxb5 exd5 46. Rf4 Be5 47. Rf3
Qxb5 48. Rd3 d4 49. Qf3 Bf6 50. h4 Be5 51. Rd2 Bf6 52. Qd3 Qb7+ 53. Kg1 Be5 54.
Rc2 Qb4 55. Rc7 d5 56. Rc1 Bf6 57. Qf3 Qb5 58. Rd1 Be5 59. Qd3 Qc5 60. Qe2 Bf6
61. Kg2 Qb4 62. Rd3 Qb5 63. Qf3 Be5 64. Rd1 Bf6 65. Rd2 Be5 66. Qe2 Qb8 67. b4
Bf6 68. b5 Qb6 69. Qd3 Qc5 70. Rb2 Qb6 71. Rc2 Be5 72. Rc6 Qb7 73. Qb3 Qd7 74.
Rc5 1-0

[Event "ch-RUS Rapid 2017"]
[Site "Sochi RUS"]
[Date "2017.10.01"]
[Round "7.4"]
[White "Rublevsky, Sergei"]
[Black "Timofeev, Artyom"]
[Result "1/2-1/2"]
[WhiteTitle "GM"]
[BlackTitle "GM"]
[WhiteElo "2683"]
[BlackElo "2549"]
[WhiteFideId "4115309"]
[BlackFideId "4140419"]
[EventDate "2017.09.30"]

1. e4 c5 2. Nf3 e6 3. c3 d5 4. exd5 exd5 5. d4 Bd6 6. dxc5 Bxc5 7. Bb5+ Nc6 8.
O-O Nf6 9. Bg5 O-O 10. Bxf6 Qxf6 11. Qxd5 Bb6 12. Nbd2 Rd8 13. Qh5 Bf5 14. Nc4
Bc7 15. Ne3 Be4 16. Bc4 Bxf3 17. Qxf3 Qxf3 18. gxf3 Rd2 19. Rad1 Rad8 20. Nd5
Rxd1 21. Rxd1 Kf8 22. Bb3 Bb8 23. Re1 Ne5 24. Re3 b5 25. Kg2 a5 26. a4 bxa4 1/2-1/2

[Event "ch-RUS Rapid 2017"]
[Site "Sochi RUS"]
[Date "2017.10.01"]
[Round "7.5"]
[White "Sakaev, Konstantin"]
[Black "Khismatullin, Denis"]
[Result "1/2-1/2"]
[WhiteTitle "GM"]
[BlackTitle "GM"]
[WhiteElo "2594"]
[BlackElo "2628"]
[WhiteFideId "4104226"]
[BlackFideId "4142578"]
[EventDate "2017.09.30"]

1. d4 Nf6 2. c4 e6 3. Nc3 Bb4 4. Qc2 c5 5. dxc5 Bxc5 6. Nf3 Qb6 7. e3 Qc7 8. b3
a6 9. Bb2 b6 10. Be2 Bb7 11. g4 h6 12. Rg1 Nc6 13. a3 Ne5 14. Nxe5 Qxe5 15. Rg3
Qc7 16. O-O-O d5 17. cxd5 exd5 18. Kb1 1/2-1/2

[Event "ch-RUS Rapid 2017"]
[Site "Sochi RUS"]
[Date "2017.10.01"]
[Round "7.6"]
[White "Rozum, Ivan"]
[Black "Fedoseev, Vladimir3"]
[Result "0-1"]
[WhiteTitle "GM"]
[BlackTitle "GM"]
[WhiteElo "2590"]
[BlackElo "2731"]
[WhiteFideId "24104272"]
[BlackFideId "24130737"]
[EventDate "2017.09.30"]

1. d4 Nf6 2. c4 e6 3. Nf3 d5 4. g3 Bb4+ 5. Bd2 Be7 6. Bg2 O-O 7. O-O c6 8. Qc2
Nbd7 9. Rd1 Ne4 10. Be3 Nd6 11. b3 a5 12. Bf4 Ne4 13. Ne5 f5 14. f3 Nxe5 15.
Bxe5 Nf6 16. Nc3 Bd7 17. h3 Be8 18. a3 Nd7 19. Bf4 g5 20. Be3 f4 21. Bf2 Bg6 22.
Qd2 Bd6 23. g4 Qe7 24. c5 Bc7 25. e3 e5 26. b4 fxe3 27. Qxe3 Qf6 28. Qd2 exd4
29. Bxd4 Ne5 30. Rf1 axb4 31. Ne2 Qe7 32. axb4 Nc4 33. Qe1 Rae8 34. Nc3 Qf7 35.
Qf2 Qf4 36. Rfd1 Qh2+ 37. Kf1 Bg3 38. Qg1 Re1+ 39. Rxe1 Bd3+ 40. Re2 Nd2# 0-1

[Event "ch-RUS Rapid 2017"]
[Site "Sochi RUS"]
[Date "2017.10.01"]
[Round "7.7"]
[White "Andreikin, Dmitry"]
[Black "Hasangatin, Ramil"]
[Result "1-0"]
[WhiteTitle "GM"]
[BlackTitle "GM"]
[WhiteElo "2708"]
[BlackElo "2496"]
[WhiteFideId "4158814"]
[BlackFideId "4122160"]
[EventDate "2017.09.30"]

1. d4 d6 2. e4 Nf6 3. Nc3 g6 4. f4 Bg7 5. Bd3 O-O 6. Nf3 Na6 7. O-O c5 8. d5 Bg4
9. Bxa6 bxa6 10. h3 Bxf3 11. Qxf3 Rb8 12. Rb1 Ne8 13. Bd2 Nc7 14. Nd1 Nb5 15. c3
Na3 16. Ra1 Nc4 17. Bc1 e6 18. Qd3 exd5 19. exd5 Nb6 20. f5 c4 21. Qf3 Nd7 22.
Bf4 Ne5 23. Bxe5 Bxe5 24. Rc1 Qg5 25. Rc2 Qg3 26. Qxg3 Bxg3 27. Ne3 Rfc8 28. Ng4
Rb7 29. Re2 Rcb8 30. Nf6+ Kg7 31. Ne4 Be5 32. f6+ Kh6 33. Rff2 Rb5 34. Rd2 Ra5
35. g4 Rbb5 36. h4 Rxd5 37. Ng5 Bxf6 38. Rxd5 Rxd5 39. Rxf6 1-0

[Event "ch-RUS Rapid 2017"]
[Site "Sochi RUS"]
[Date "2017.10.01"]
[Round "7.8"]
[White "Levin, Evgeny A."]
[Black "Alekseev, Evgeny"]
[Result "0-1"]
[WhiteTitle "GM"]
[BlackTitle "GM"]
[WhiteElo "2532"]
[BlackElo "2622"]
[WhiteFideId "4182596"]
[BlackFideId "4138147"]
[EventDate "2017.09.30"]

1. d4 e6 2. c4 b6 3. e4 Bb7 4. Bd3 Bb4+ 5. Bd2 Bxd2+ 6. Qxd2 f5 7. Nc3 Nf6 8. f3
Nc6 9. exf5 Nxd4 10. fxe6 Nxe6 11. Nge2 Qe7 12. O-O-O O-O-O 13. Rhe1 Qd6 14. Ng3
Nf4 15. Bf1 Qxd2+ 16. Rxd2 Rde8 17. Rxe8+ Rxe8 18. Nge2 Ng6 19. Nd4 Nh4 20. Re2
Rxe2 21. Ndxe2 g5 22. h3 d5 23. cxd5 Nxd5 24. Nxd5 Bxd5 25. Nc3 Bb7 26. Kd2 Kd7
27. Ke3 c5 28. g3 Nf5+ 29. Kf2 Nd4 30. Bd3 h6 31. Be4 Bxe4 32. Nxe4 Ke6 33. Ke3
Nf5+ 34. Kd3 Ke5 35. b3 Nd4 36. Ke3 Nc2+ 37. Kd2 Nb4 38. a3 Nc6 39. Ke3 Nd4 40.
f4+ gxf4+ 41. gxf4+ Kf5 42. Nd6+ Ke6 43. Nc8 Nxb3 44. Nxa7 Nd4 45. Nc8 b5 46.
Ke4 Nf5 47. Nb6 Nd6+ 48. Ke3 Kf5 49. Nd7 b4 50. axb4 cxb4 51. Nc5 Nc4+ 52. Kf3
Na5 53. Nd3 b3 54. Nb2 h5 55. Kg3 Nc6 56. Kh4 Kg6 57. f5+ Kh6 58. f6 Ne5 59. Kg3
Kg5 60. Kf2 Kxf6 61. Ke3 Kf5 62. Kd4 Kf4 63. Kc3 Kg3 64. Nd1 Kxh3 65. Ne3 Kg3
66. Kxb3 Kf3 67. Nf5 Kf4 68. Nh4 Kg4 69. Ng2 Kg3 70. Ne3 Kf2 71. Nf5 Nc6 72. Kc4
Ne7 73. Nh6 h4 74. Kd3 h3 75. Ng4+ Kg3 76. Ne3 Nd5 77. Nf1+ Kf2 78. Nh2 Nf6 0-1

[Event "ch-RUS Rapid 2017"]
[Site "Sochi RUS"]
[Date "2017.10.01"]
[Round "7.9"]
[White "Savchenko, Boris"]
[Black "Gochelashvili, David"]
[Result "1-0"]
[WhiteTitle "GM"]
[BlackTitle "IM"]
[WhiteElo "2581"]
[BlackElo "2432"]
[WhiteFideId "4147332"]
[BlackFideId "4161203"]
[EventDate "2017.09.30"]

1. e4 c5 2. Nf3 d6 3. d4 Nf6 4. Nc3 cxd4 5. Nxd4 g6 6. Be3 Bg7 7. f3 Nc6 8. Qd2
O-O 9. Bc4 Bd7 10. O-O-O Rc8 11. Be2 Ne5 12. Kb1 a6 13. g4 b5 14. Bh6 Nc4 15.
Bxc4 Rxc4 16. Bxg7 Kxg7 17. h4 h6 18. a3 Rh8 19. h5 g5 20. Rhe1 e5 21. Nde2 Rc6
22. Ng3 Qc7 23. Re3 Rd8 24. Rd3 Bc8 25. Nd5 Nxd5 26. Rxd5 f6 27. c3 Kf8 28. Qc2
Be6 29. Nf5 Bxf5 30. gxf5 Qf7 31. Qh2 Qa7 32. R1d3 Ke7 33. Kc2 Rc5 34. Qe2 Qc7
35. Kb1 Rxd5 36. Rxd5 Rc8 37. Qd1 Qb6 38. Qc2 Rc4 39. Ka2 Qe3 40. Qd1 Rc6 41.
Ka1 Qf2 42. a4 Qb6 43. Qb3 Rc7 44. Kb1 Qg1+ 45. Rd1 Qb6 46. Qe6+ Kd8 1-0

[Event "ch-RUS Rapid 2017"]
[Site "Sochi RUS"]
[Date "2017.10.01"]
[Round "7.10"]
[White "Potkin, Vladimir"]
[Black "Sarana, Alexey"]
[Result "1-0"]
[WhiteTitle "GM"]
[BlackTitle "GM"]
[WhiteElo "2574"]
[BlackElo "2541"]
[WhiteFideId "4131061"]
[BlackFideId "24133795"]
[EventDate "2017.09.30"]

1. c4 Nf6 2. Nc3 e5 3. Nf3 Nc6 4. g3 Bb4 5. Bg2 O-O 6. O-O e4 7. Ne1 Bxc3 8.
bxc3 Re8 9. f3 d5 10. cxd5 Qxd5 11. fxe4 Nxe4 12. Nd3 Bf5 13. Qb3 Qxb3 14. axb3
Nd6 15. Nf4 Be4 16. Bh3 Ne5 17. d3 Bc6 18. c4 Ng6 19. e4 a6 20. Ra2 Rad8 21.
Raf2 Ne5 22. Bb2 f6 23. Be6+ Kh8 24. Bxe5 fxe5 25. Nd5 g6 26. Rf6 Bxd5 27. exd5
b6 28. b4 a5 29. bxa5 bxa5 30. c5 Nb7 31. d6 cxd6 32. c6 Nc5 33. c7 Ra8 34. Bf7
Rec8 35. Bd5 a4 36. Bxa8 Rxc7 37. Bd5 Nxd3 38. Rf8+ Kg7 39. R1f7+ 1-0

[Event "ch-RUS Rapid 2017"]
[Site "Sochi RUS"]
[Date "2017.10.01"]
[Round "7.11"]
[White "Kryakvin, Dmitry"]
[Black "Grachev, Boris"]
[Result "1/2-1/2"]
[WhiteTitle "GM"]
[BlackTitle "GM"]
[WhiteElo "2583"]
[BlackElo "2654"]
[WhiteFideId "4153278"]
[BlackFideId "4129199"]
[EventDate "2017.09.30"]

1. d4 d5 2. c4 e6 3. Nc3 Nf6 4. Bg5 Be7 5. e3 Nbd7 6. cxd5 exd5 7. Bd3 c6 8. Nf3
Ne4 9. Bf4 Ndf6 10. Qc2 Bf5 11. O-O g6 12. Be5 Nxc3 13. Bxf5 Nb5 14. Bd3 Nd6 15.
b4 O-O 16. Bxd6 Bxd6 17. b5 cxb5 18. Bxb5 Rc8 19. Qb3 Qa5 20. Be2 Rc7 21. a4
Rfc8 22. g3 Ne4 23. Qb5 b6 24. Qxa5 bxa5 25. Bd3 Nc3 26. Kg2 Rb8 27. Rfc1 Rb2
28. Ne5 Bb4 29. Rc2 Rb3 30. Bf1 Bd6 31. Nd3 Kf8 32. Rac1 Ba3 33. Ra1 Bd6 34.
Rac1 Ba3 35. Ra1 Bd6 1/2-1/2

[Event "ch-RUS Rapid 2017"]
[Site "Sochi RUS"]
[Date "2017.10.01"]
[Round "7.12"]
[White "Popov, Mikhail"]
[Black "Rakhmanov, Aleksandr"]
[Result "0-1"]
[WhiteTitle "FM"]
[BlackTitle "GM"]
[WhiteElo "2416"]
[BlackElo "2669"]
[WhiteFideId "4146182"]
[BlackFideId "4173708"]
[EventDate "2017.09.30"]

1. d4 Nf6 2. Bf4 c5 3. d5 d6 4. c4 e5 5. dxe6 Bxe6 6. Nc3 Nc6 7. e4 Be7 8. Nf3
Qb6 9. Qd2 Nd4 10. Nxd4 cxd4 11. Nd5 Bxd5 12. exd5 Ne4 13. Qc2 Nc5 14. Rb1 a5
15. Be2 O-O 16. O-O Rfe8 17. b3 Qd8 18. Bd3 g6 19. Rfe1 Qd7 20. a3 Bf6 21. b4
Na4 22. Bd2 Nc3 23. Rxe8+ Rxe8 24. Re1 Ra8 25. Bxc3 dxc3 26. Qe2 Qa4 27. c5 axb4
28. axb4 Qxb4 29. c6 bxc6 30. dxc6 Qc5 31. c7 Kg7 32. Qf3 Rc8 33. Bc2 Qxc7 34.
g3 Rb8 35. h4 Rb2 36. Re2 h5 37. Qd3 Qc5 38. Qe4 Qd4 39. Qf3 Bd8 40. Kg2 Qf6 41.
Qd3 Bb6 42. Qd5 Qd4 43. Qf3 Qf6 44. Qd5 Bc5 45. Qe4 Rb4 46. Qa8 Qd4 47. Qe8 Rb2
48. Qe7 d5 49. Qe8 Rb6 50. Qd8 Rf6 51. f4 Re6 52. Rxe6 Qg1+ 0-1

[Event "ch-RUS Rapid 2017"]
[Site "Sochi RUS"]
[Date "2017.10.01"]
[Round "7.13"]
[White "Shubin, Kirill"]
[Black "Demidov, Mikhail"]
[Result "0-1"]
[WhiteTitle "FM"]
[BlackTitle "IM"]
[WhiteElo "2375"]
[BlackElo "2521"]
[WhiteFideId "34119962"]
[BlackFideId "4197143"]
[EventDate "2017.09.30"]

1. e4 e6 2. d4 d5 3. Nc3 Be7 4. Nf3 Nf6 5. e5 Nfd7 6. Ne2 c5 7. c3 b5 8. Nf4 b4
9. Bd3 Ba6 10. Bxa6 Nxa6 11. O-O bxc3 12. bxc3 Nb6 13. Nd2 g6 14. a4 cxd4 15.
cxd4 Nb4 16. a5 Nc4 17. Nf3 Nxa5 18. Bd2 Nac6 19. Qa4 O-O 20. Nh3 Qb6 21. Be3 a6
22. Rfc1 Rfc8 23. Qd1 Qb5 24. Nfg5 Qd3 25. Qg4 h5 26. Qg3 Qf5 27. f3 Nc2 0-1

[Event "ch-RUS Rapid 2017"]
[Site "Sochi RUS"]
[Date "2017.10.01"]
[Round "7.14"]
[White "Sjugirov, Sanan"]
[Black "Krylov, Mikhail RUS"]
[Result "1-0"]
[WhiteTitle "GM"]
[BlackTitle "GM"]
[WhiteElo "2650"]
[BlackElo "2476"]
[WhiteFideId "4189302"]
[BlackFideId "4151364"]
[EventDate "2017.09.30"]

1. d4 Nf6 2. c4 c5 3. d5 e6 4. Nc3 exd5 5. cxd5 d6 6. Nf3 g6 7. Bf4 a6 8. a4 Bg7
9. h3 O-O 10. e3 Qe7 11. Be2 Nbd7 12. O-O Ne8 13. Nd2 Ne5 14. Qc2 Rb8 15. Bg3 f5
16. Rae1 Nf6 17. a5 Bd7 18. Qb3 Kh8 19. f4 Nf7 20. Bf3 Rfe8 21. Nc4 Ne4 22. Nxe4
fxe4 23. Be2 Bb5 24. Na3 b6 25. Nxb5 bxa5 26. Qa4 axb5 27. Bxb5 Rf8 28. Re2 Rb6
29. b3 Rfb8 30. Bc4 Ra8 31. Be1 Nh6 32. g4 Ng8 33. Rc2 Nf6 34. Bc3 Ne8 35. Bxg7+
Nxg7 36. Qa1 Qh4 37. Kh2 Kg8 38. f5 gxf5 39. gxf5 Nh5 40. Rg2+ Kf7 41. f6 Rg8
42. Rxg8 Kxg8 43. f7+ 1-0

[Event "ch-RUS Rapid 2017"]
[Site "Sochi RUS"]
[Date "2017.10.01"]
[Round "7.15"]
[White "Kezin, Roman"]
[Black "Artemiev, Vladislav"]
[Result "1/2-1/2"]
[WhiteTitle "FM"]
[BlackTitle "GM"]
[WhiteElo "2455"]
[BlackElo "2692"]
[WhiteFideId "24124621"]
[BlackFideId "24101605"]
[EventDate "2017.09.30"]

1. d4 d5 2. c4 c6 3. Nc3 Nf6 4. e3 g6 5. Nf3 Bg7 6. Bd3 O-O 7. h3 c5 8. O-O dxc4
9. Bxc4 Nbd7 10. Qe2 a6 11. dxc5 Nxc5 12. Rd1 Qc7 13. e4 b5 14. e5 bxc4 15. exf6
exf6 16. Nd5 Qb7 17. Qxc4 Ne6 18. Bd2 Qb5 19. Qxb5 axb5 20. Bb4 Re8 21. Ne7+ Kh8
22. Nxc8 Rexc8 23. Bc3 Nc5 24. Rac1 Ne4 25. Bd4 Kg8 26. a3 Bh6 27. Rxc8+ Rxc8
28. Ne1 Rd8 29. Rd3 Bc1 30. Be3 Rc8 31. Rb3 Bxe3 32. Rxe3 f5 33. f3 Nd6 34. Rc3
Rxc3 35. bxc3 Nc4 36. Nc2 f4 37. Kf2 Kg7 38. Ke2 Kf6 39. Kd3 Ke5 40. Ke2 h5 41.
Kd3 Nb2+ 42. Kd2 g5 43. Ke2 Nc4 44. Kd3 f5 45. Ke2 g4 46. Kd3 Nb2+ 47. Ke2 Na4
48. Kd3 Nc5+ 49. Ke2 Na4 50. Kd3 Nb2+ 51. Ke2 Nc4 52. Kd3 Kd5 53. Ke2 Nb2 54.
Nd4 Kc4 55. Nxf5 gxh3 56. gxh3 Na4 57. Nd6+ Kc5 58. Ne4+ Kc4 59. Nd6+ Kc5 60.
Ne4+ Kc4 61. Nd6+ Kc5 62. Ne4+ Kc4 63. Kd2 Kb3 64. Kd3 Kxa3 65. Nd6 Nc5+ 66. Kd4
Ne6+ 67. Ke5 Ng5 68. Kxf4 Nxh3+ 69. Kg3 Ng5 70. Nxb5+ Kb3 71. f4 Ne4+ 72. Kh4
Kc4 73. Nc7 Nxc3 74. Kxh5 Ne2 75. f5 Ng3+ 76. Kh4 Ne4 77. Kh5 Ng3+ 78. Kh4 1/2-1/2

[Event "ch-RUS Rapid 2017"]
[Site "Sochi RUS"]
[Date "2017.10.01"]
[Round "7.17"]
[White "Popov, Ivan RUS"]
[Black "Triapishko, Alexandr"]
[Result "1-0"]
[WhiteTitle "GM"]
[BlackTitle "IM"]
[WhiteElo "2599"]
[BlackElo "2500"]
[WhiteFideId "4170350"]
[BlackFideId "14122286"]
[EventDate "2017.09.30"]

1. e4 e5 2. Nf3 Nc6 3. Bc4 Nf6 4. d3 h6 5. O-O d6 6. c3 g5 7. Re1 Bg7 8. d4 O-O
9. dxe5 dxe5 10. Qxd8 Rxd8 11. b4 a6 12. Nbd2 Ne8 13. a4 Nd6 14. Ba2 g4 15. Nh4
Bf6 16. g3 Bxh4 17. gxh4 Be6 18. Bxe6 fxe6 19. Nb3 h5 20. Nc5 b6 21. Nxe6 Rd7
22. Rd1 Ra7 23. Ra2 Nd8 24. Ng5 N8f7 25. a5 Nxg5 26. Bxg5 b5 27. Rd5 Ra8 28.
Rxe5 Nc4 29. Re6 Rd6 30. Re7 Rf8 31. e5 Rd1+ 32. Kg2 Re1 33. Bf6 Rd8 34. e6 Rd6
35. Rg7+ Kh8 36. Rxc7+ Kg8 37. Rg7+ Kh8 38. Rd7+ Kg8 39. Rxd6 Nxd6 40. e7 Kf7
41. Bg5 Ne4 42. c4 bxc4 43. b5 Nxg5 44. hxg5 Rxe7 45. b6 Re5 46. Rb2 c3 47. b7
cxb2 48. b8=Q Rb5 49. Qa7+ Ke8 50. Qa8+ Kd7 51. Qa7+ Ke8 52. Qe3+ Kf8 53. Qf4+
Ke7 54. Qe4+ Kf7 55. Qb1 Kg7 56. h3 Rb3 57. h4 Rb5 58. Kf1 Rb4 59. Ke2 Rb5 60.
Kd2 Rb4 61. Kc3 Rb5 62. Qxb2 Rxb2 63. Kxb2 1-0

[Event "ch-RUS Rapid 2017"]
[Site "Sochi RUS"]
[Date "2017.10.01"]
[Round "7.18"]
[White "Belyakov, Bogdan"]
[Black "Zvjaginsev, Vadim"]
[Result "1-0"]
[WhiteTitle "IM"]
[BlackTitle "GM"]
[WhiteElo "2486"]
[BlackElo "2643"]
[WhiteFideId "24104795"]
[BlackFideId "4113403"]
[EventDate "2017.09.30"]

1. e4 d6 2. d4 Nf6 3. Nc3 g6 4. Bg5 h6 5. Be3 a6 6. Be2 Nc6 7. f4 h5 8. h3 d5 9.
e5 Ng8 10. Bf3 Be6 11. Na4 Nh6 12. Nc5 Bc8 13. e6 fxe6 14. Qd3 Nf5 15. g4 b6 16.
gxf5 bxc5 17. fxg6 Bg7 18. dxc5 a5 19. c3 Ba6 20. Qd2 a4 21. Ne2 Na5 22. Bd4 Nc4
23. Qc2 e5 24. Bxe5 Nxe5 25. fxe5 O-O 26. Nd4 Bxe5 27. Qg2 Bxd4 28. cxd4 e6 29.
O-O-O Qh4 30. Rd2 Rf4 31. Bxd5 Raf8 32. Bxe6+ Kg7 33. Bf7 Rxd4 34. Rhd1 Rfd8 35.
Rxd4 Rxd4 36. Rxd4 Qxd4 37. Qd5 Qe3+ 38. Kc2 a3 39. bxa3 Bb5 40. Qb3 Qe2+ 41.
Kc1 Qe1+ 42. Kb2 Qf2+ 43. Qc2 Be2 44. Qc3+ Kh6 45. Qd2+ Kg7 46. h4 Kf8 47. a4
Ke7 48. Qg5+ 1-0

[Event "ch-RUS Rapid 2017"]
[Site "Sochi RUS"]
[Date "2017.10.01"]
[Round "7.19"]
[White "Tsydypov, Zhamsaran"]
[Black "Antonenko, Vladimir"]
[Result "1-0"]
[WhiteTitle "IM"]
[BlackTitle "FM"]
[WhiteElo "2529"]
[BlackElo "2330"]
[WhiteFideId "4108566"]
[BlackFideId "24159409"]
[EventDate "2017.09.30"]

1. d4 Nf6 2. Nf3 e6 3. Bf4 c5 4. c3 d5 5. e3 Bd6 6. Bg3 O-O 7. Nbd2 Nc6 8. Bd3
b6 9. Ne5 Bb7 10. Qe2 Ne7 11. O-O Nf5 12. Bf4 Be7 13. Bb5 Qc8 14. Bd3 Nd6 15. a4
a6 16. Bg5 Qd8 17. Bc2 Rc8 18. Qd3 g6 19. Qe2 Kg7 20. Bd3 Ra8 21. dxc5 bxc5 22.
c4 h6 23. Bf4 Nh5 24. cxd5 Nxf4 25. exf4 exd5 26. Rac1 c4 27. Bb1 Qe8 28. Ndf3
Bd8 29. Qc2 Bb6 30. Qc3 Kh7 31. Ng4 Bd8 32. Nfe5 f5 33. Ne3 Ne4 34. Bxe4 fxe4
35. Rfd1 Qe6 36. Qb4 Qe7 37. Nxd5 Bxd5 38. Qxe7+ Bxe7 39. Rxd5 Rad8 40. Rxd8
Bxd8 41. g3 g5 42. Rxc4 gxf4 43. Rxe4 fxg3 44. hxg3 Bb6 45. Ng4 h5 46. Re6 Bd4
47. Rh6+ Kg7 48. Rxh5 Bxb2 49. Rg5+ Kh7 50. Rd5 Rc8 51. Ne3 Bc3 52. Rd7+ Kh8 53.
Nd5 Bg7 54. Rc7 Rd8 55. Nb4 a5 56. Nc6 Rd1+ 57. Kg2 Bc3 58. f4 Ra1 59. Ne5 Bxe5
60. fxe5 Rxa4 61. Kf3 Kg8 62. g4 Ra1 63. Kf4 a4 64. Kf5 a3 65. Ke6 a2 66. Rc2
Kf8 67. Rf2+ Kg7 68. Kf5 Kf7 69. g5 Kf8 70. Kf6 Ke8 71. g6 Kf8 72. e6 Kg8 73. e7
Re1 74. Rxa2 Rf1+ 75. Ke6 Re1+ 76. Kf6 Rf1+ 77. Kg5 Rg1+ 78. Kh4 1-0

[Event "ch-RUS Rapid 2017"]
[Site "Sochi RUS"]
[Date "2017.10.01"]
[Round "7.20"]
[White "Korchmar, Vasiliy"]
[Black "Alekseenko, Kirill"]
[Result "0-1"]
[WhiteTitle "IM"]
[BlackTitle "GM"]
[WhiteElo "2399"]
[BlackElo "2563"]
[WhiteFideId "24131750"]
[BlackFideId "4135539"]
[EventDate "2017.09.30"]

1. d4 d5 2. Nf3 Nf6 3. Bf4 c5 4. e3 Nc6 5. Nbd2 Bf5 6. dxc5 e6 7. Nd4 Bxc5 8.
Nxf5 exf5 9. c3 O-O 10. Be2 h6 11. O-O Qe7 12. Nb3 Bb6 13. Nd4 Nxd4 14. exd4 Bc7
15. Bxc7 Qxc7 16. Bd3 g6 17. Qd2 Kg7 18. f3 Rfe8 19. Rfe1 Qb6 20. Kf1 h5 21.
Rxe8 Rxe8 22. Re1 Rxe1+ 23. Kxe1 Qc7 24. g3 h4 25. Kf2 hxg3+ 26. hxg3 Nh5 27.
Qg5 Qb6 28. Qd2 Qc7 29. Qg5 f6 30. Qh4 Qb6 31. b4 Qc7 32. Bxf5 Qxc3 33. Qg4 Qd2+
34. Kg1 Qe3+ 35. Kg2 Qe8 36. Kf2 Kh6 37. Bd3 f5 38. Qh4 Qh8 39. Ke3 g5 40. Qh3
f4+ 41. gxf4 gxf4+ 42. Kd2 Qxd4 43. Qe6+ Nf6 44. Qf5 Kg7 45. Kc2 Qf2+ 46. Kb3
Qd4 47. a4 Kf7 48. Qg6+ Ke6 49. Bf5+ Ke5 50. Bd3 Kd6 51. a5 Qe5 52. Qg7 Nd7 53.
Qg6+ Kc7 54. Bb5 Qe3+ 55. Ka4 Qe7 56. Qf5 Qd6 57. Kb3 Nf6 58. Qg5 a6 59. Bd3 Kb8
60. Qf5 Nd7 61. Qg5 Kc7 62. Qg7 Qe5 63. Qf7 Kd6 64. Bf5 Nf6 65. Qf8+ Qe7 66.
Qb8+ Qc7 67. Qf8+ Ke5 68. Bd3 Qc6 69. Bc2 Kd4 70. Qe7 Qc3+ 0-1